| 000 | 00898nam0a22002531 4500 | ||
|---|---|---|---|
| 001 | v19\rc\2026012 | ||
| 005 | 20260407122001.0 | ||
| 035 | _a(NLR Aleph) 005106010 | ||
| 090 |
_a7442416 _c7442416 |
||
| 100 | _a20080925d1916 u y0rusy50 ca | ||
| 101 | 0 | _arus | |
| 102 | _aRU | ||
| 105 | _ay z ||||| | ||
| 200 | 1 |
_aУстав дисциплинарный _e(Свод воен. пост. 1869 г., кн. 23, изд. 4-е) _eС изм., объявл. в приказах по воен. вед. [по 15 нояб. 1915 г.] |
|
| 210 |
_aМосква _cЮрист _d1916 |
||
| 215 |
_a48 с. _d16 |
||
| 740 | 1 |
_aРоссия _tВоенные уставы и наставления _3RU\NLR\AUTH\889957977 _9412039 |
|
| 801 | 0 |
_aRU _bNLR _gpsbo |
|
| 801 | 0 |
_aRU _bRuMoRGB _2psbo |
|
| 801 | 1 |
_aRU _bProSoft-M _2rusmarc |
|
| 852 |
_aNLR _j37.59.8.318 |
||
| 899 |
_aRuMoRGB _jW 525/387 |
||
| 942 | _cBOOK | ||
| 980 | _aNB | ||